000 00626nam a2200241Ia 4500
003 OSt
005 20221005113957.0
006 a|||||r|||| 00| 0
007 ta
008 221004b |||||||| |||| 00| 0 eng d
024 _a49543
037 _cTextual
040 _aCRL
_cCRL
_beng
041 _2eng
_aeng
082 _aP15:C4x1:1:9, H9
100 _aKrsnasuri
_9502920
245 0 _aAmaramandana. ed. by V. Raghavan.
260 _c1949
490 _asources of Indo-Aryan Lexicography,4
650 _aLINGUISTICS
942 _hP15:C4x1:1:9, H9
_cTEXL
_2cc
999 _c1029934
_d1029934